Pokémon - Les attaques de Câblifère - Statistiques

Statistiques générales
  • Ce quiz a été pris 20 fois
  • Le résultat moyen est 11 sur 16
Statistiques - réponses
Niveaux Types Noms des coups % Correct
Départ Électrique Éclair
100%
Niveau 70 Électrique Élecanon
100%
Niveau 55 Électrique Tonnerre
100%
Niveau 10 Électrique Cage Éclair
91%
Niveau 5 Électrique Chargeur
91%
Niveau 45 Électrique Coup d'Jus
91%
Niveau 20 Électrique Étincelle
82%
Niveau 25 Électrique Onde de Choc
82%
Niveau 65 Plante Mégafouet
73%
Niveau 60 Électrique Champ Électrifié
64%
Niveau 35 Électrique Ondes Étranges
64%
Niveau 40 Électrique Poing Éclair
64%
Niveau 15 Plante Racines
45%
Départ Normal Ligotage
36%
Niveau 50 Électrique Vol Magnétik
36%
Niveau 30 Psy Hypnose
27%
Aucun quiz correspondant
Distribution des résultats
% des personnes avec chaque résultat
Percentile par nombre de réponses
Votre historique - résultats
Vous n’avez pas pris ce quiz